|
|
แสดงรายละเอียดบรรณานุกรม |
|
|
Brief Record
: Get Marc (ISO 2709)
: E-mail record
: |
|
|
| LEADER 00000nama 2200000uu 4500 | |||
| 008 040531s|||| th m m a000 0 tha d | |||
| 020 9748364712 | |||
| 041 tha | |||
| 050 Ds586 ภ671พ 2540 | |||
| 100 ภูมิพลอดุลยเดชฯ,พระบามสมเด็จพระเจ้าอยู่หัว. | |||
| 245 พระมหาชนก=Mahajanaka/พระราชนิพนธ์ในสมเด็จพระเจ้าอยู่หัวภูมิพลอดุลยเดช. | |||
| 250 พิมพ์ครั้งที่ 2. | |||
| 260 กรุงเทพฯ. บริษัท อมรินทร์พริ้นติ้งแอนด์พับลิชชิ่ง จำกัด. 2540. | |||
| 300 162 หน้า. | |||
| 650 1.ภูมิพลอดุลเดชฯ,พระบาทสมเด็จพระเจ้าอยู่หัว,2470- 2.พระมหาชนก 3.ชาดก. | |||
| 995 001 | |||
| คุณยังไม่ได้ล็อกอิน คุณสามารถมีกิจกรรมร่วมกับเว็บไซต์ได้ แต่ต้องล็อกอินก่อน :: |
|
| สถานะ | |||||||||
| 1. | หนังสือทั่วไป | Ds586 ภ671พ 2540 | On Shelf ขอยืม | ||||||
| [แสดง 1/1 รายการ] | |||||||||
BibComment |
| คอมเมนท์ทรัพยากรรายการนี้ |
|
|